[Event "Narciso Yepes"]
[Site "Lorca ESP"]
[Date "2001.06.27"]
[Round "4"]
[White "Pogorelov,R"]
[Black "Okhotnik,V"]
[Result "1-0"]
[WhiteElo "2399"]
[BlackElo "2479"]

1.d4 g6 2.c4 Nf6 3.Nc3 d5 4.cxd5 Nxd5 5.e4 Nxc3 6.bxc3 Bg7 7.Nf3 c5 8.Rb1 O-O
9.Be2 Bg4 10.O-O cxd4 11.cxd4 Bxf3 12.Bxf3 Bxd4 13.e5 Nc6 14.Bh6 Re8 15.e6 fxe6
16.Qb3 Qd6 17.Rbd1 Rad8 18.Be3 Qe5 19.Qxb7 Bxe3 20.Qxc6 Bb6 21.Rde1 Qf5 22.Rxe6 Kf8
23.Qc4 Rc8 24.Bc6 Red8 25.Qe2 Rd2 26.Qxd2 Qxe6 27.Bd7 Qc4 28.Bxc8 Qxc8 29.Re1 Qf5
30.g3  1-0

[Event "TCh-Europe Boys U18"]
[Site "Balatonlelle HUN"]
[Date "2001.06.28"]
[Round "6"]
[White "Szeberenyi,A"]
[Black "Borisek,J"]
[Result "0-1"]
[WhiteElo "2418"]
[BlackElo "2260"]

1.d4 Nf6 2.c4 g6 3.Nc3 d5 4.cxd5 Nxd5 5.e4 Nxc3 6.bxc3 Bg7 7.Nf3 c5 8.Be3 O-O
9.Qd2 Qa5 10.Rc1 cxd4 11.cxd4 Qxd2+ 12.Kxd2 Nc6 13.d5 Rd8 14.Ke1 Na5 15.Bg5 Bd7
16.Bd3 f5 17.e5 Be8 18.d6 Rdc8 19.Ke2 exd6 20.exd6 Bf8 21.Bd2 b6 22.Rxc8 Rxc8
23.Bf4 Rd8 24.Rd1 Ba4 25.Rd2 Bxd6 26.Bxf5 Re8+ 27.Be3 gxf5 28.Rxd6 f4 29.Rd4 Bb5+  0-1

[Event "Open"]
[Site "Andorra AND"]
[Date "2001.07.01"]
[Round "2"]
[White "Pogorelov,R"]
[Black "Avrukh,B"]
[Result "0-1"]
[WhiteElo "2399"]
[BlackElo "2600"]

1.d4 Nf6 2.c4 g6 3.Nc3 d5 4.cxd5 Nxd5 5.e4 Nxc3 6.bxc3 Bg7 7.Nf3 c5 8.Rb1 O-O
9.Be2 b6 10.O-O Bb7 11.Qd3 Ba6 12.Qe3 Qd7 13.d5 Qa4 14.Bxa6 Qxa6 15.Rb2 Qc4
16.Rb3 Nd7 17.Nd2 Qa4 18.Ra3 Qc2 19.c4 e6 20.Qh3 Bd4 21.Qh6 Rfe8 22.Rh3 Nf8
23.Nf3 Bg7 24.Qf4 Qxc4 25.d6 e5 26.Qh4 f6 27.Bh6 Bxh6 28.Qxh6 Rad8 29.g4 Qxe4
30.g5 f5 31.Rd1 Rd7 32.Rg3 Re6 33.h4 f4 34.Rh3 Qf5 35.Kh2 e4  0-1

[Event "6th Leg Russian Cup"]
[Site "Tomsk RUS"]
[Date "2001.07.03"]
[Round "4"]
[White "Erikalov,A"]
[Black "Shomoev,A"]
[Result "0-1"]
[WhiteElo "2475"]
[BlackElo "2373"]

1.d4 Nf6 2.c4 g6 3.Nc3 d5 4.cxd5 Nxd5 5.e4 Nxc3 6.bxc3 Bg7 7.Bb5+ c6 8.Ba4 O-O
9.Ne2 c5 10.O-O Nc6 11.Be3 Na5 12.Rb1 b6 13.dxc5 Ba6 14.Bb5 Bxb5 15.Rxb5 Nc4
16.Bg5 h6 17.Qxd8 Rfxd8 18.Rb4 Nd2 19.Bxd2 Rxd2 20.Nf4 bxc5 21.Rc4 Rxa2 22.Rxc5 a5
23.g3 a4 24.e5 a3 25.Nd3 Rd2 26.Nb4 a2 27.Ra1 Rb2 28.Kg2 e6 29.h4 Bf8 30.Rc4 Rb1
31.Rxa2 Rxb4  0-1

[Event "Open"]
[Site "Andorra AND"]
[Date "2001.07.05"]
[Round "6"]
[White "Estremera Panos,S"]
[Black "Mikhalevski,V"]
[Result "1/2-1/2"]
[WhiteElo "2405"]
[BlackElo "2523"]

1.d4 Nf6 2.c4 g6 3.Nc3 d5 4.cxd5 Nxd5 5.e4 Nxc3 6.bxc3 Bg7 7.Nf3 c5 8.Be3 Qa5
9.Qd2 Nc6 10.Rc1 cxd4 11.cxd4 Qxd2+ 12.Kxd2 O-O 13.d5 Rd8 14.Ke1 Na5 15.Bg5 Bd7
16.Bd3 Rdc8 17.Ke2 e6 18.Rxc8+ Rxc8 19.Rc1 Rxc1 20.Bxc1 exd5 21.exd5 b5 22.Bf4 Nc4
23.Bxc4 bxc4 24.Be5 Kf8  1/2-1/2

[Event "FSIMB July"]
[Site "Budapest HUN"]
[Date "2001.07.05"]
[Round "4"]
[White "Pedersen,NV"]
[Black "Sigfusson,S"]
[Result "1-0"]
[WhiteElo "2382"]
[BlackElo "2284"]

1.d4 Nf6 2.c4 g6 3.Nc3 d5 4.cxd5 Nxd5 5.e4 Nxc3 6.bxc3 Bg7 7.Nf3 c5 8.h3 O-O
9.Be2 Nc6 10.Be3 cxd4 11.cxd4 Qa5+ 12.Bd2 Qa3 13.d5 Ne5 14.Nxe5 Bxe5 15.O-O Rd8
16.Rb1 Qxa2 17.Bb4 e6 18.f4 Bd6 19.Bc3 Qa3 20.Rb3 Qa4 21.Bf6 Rf8 22.e5 Bc5+
23.Kh1 exd5 24.f5 Bd7 25.fxg6 Qd4 26.gxh7+ Kxh7 27.Qxd4 Bxd4 28.Rb4 Bxe5
29.Rh4+  1-0

[Event "29th World Open"]
[Site "Philadelphia USA"]
[Date "2001.07.05"]
[Round "3"]
[White "Smith,BG"]
[Black "Esserman,M"]
[Result "1/2-1/2"]
[WhiteElo "2308"]
[BlackElo "2167"]

1.d4 Nf6 2.c4 g6 3.Nc3 d5 4.cxd5 Nxd5 5.e4 Nxc3 6.bxc3 Bg7 7.Nf3 c5 8.Be3 Qa5
9.Qd2 O-O 10.Rc1 Bg4 11.d5 Bxf3 12.gxf3 c4 13.Bd4 b5 14.Bh3 Qc7 15.Bxg7 Kxg7
16.Qd4+ f6 17.O-O Nd7 18.Bxd7 Qxd7 19.Rfe1 e5 20.dxe6 Qxe6 21.e5 Rae8 22.Qxa7+ Rf7
23.Qc5 fxe5 24.Re3 Rf5 25.Rd1 Rh5 26.Qxb5 Re7 27.Qc5 Rf7 28.Kf1 Qh3+ 29.Ke2 Qxh2
30.Qxc4 Rb7 31.Red3 Rf7 32.Rd7 Rf5 33.Rxf7+ Rxf7 34.Qg4 h5 35.Qg3 Qxg3 36.fxg3 Ra7
37.Rd2 g5 38.Kd3 Kf6 39.Kc4 Kf5 40.Rh2 h4 41.gxh4 gxh4 42.Kb5 Kf4 43.Rxh4+ Kxf3
44.a4 e4 45.a5 e3 46.a6 e2 47.Rh3+ Kf2 48.Rh2+ Kf3 49.Rh1 Rh7 50.Re1 Rh5+
51.Kb4 Rh6 52.Kb5 Rh5+  1/2-1/2

[Event "Open"]
[Site "Andorra AND"]
[Date "2001.07.06"]
[Round "7"]
[White "Khenkin,I"]
[Black "Jaracz,P"]
[Result "1/2-1/2"]
[WhiteElo "2609"]
[BlackElo "2484"]

1.d4 Nf6 2.c4 g6 3.Nc3 d5 4.cxd5 Nxd5 5.e4 Nxc3 6.bxc3 Bg7 7.Qa4+ Qd7 8.Qxd7+ Nxd7
9.Nf3 b6 10.Bd3 Nc5 11.Bc2 Ba6 12.Be3 Nd3+ 13.Kd2 Nb2 14.Kc1 Nc4 15.Ba4+ Kf8
16.Bc6  1/2-1/2

[Event "10th AKN Weekender"]
[Site "Haarlem NED"]
[Date "2001.07.08"]
[Round "5"]
[White "Fish,G"]
[Black "Van de Mortel,J"]
[Result "1-0"]
[WhiteElo "2502"]
[BlackElo "2401"]

1.d4 Nf6 2.c4 g6 3.Nc3 d5 4.cxd5 Nxd5 5.e4 Nxc3 6.bxc3 Bg7 7.Be3 c5 8.Qd2 Qa5
9.Rc1 cxd4 10.cxd4 Qxd2+ 11.Bxd2 O-O 12.Nf3 Bg4 13.Rc7 Bxf3 14.gxf3 Bxd4
15.Rxe7 Nc6 16.Rxb7 Rab8 17.Rb3 Rfd8 18.Be2 Rxb3 19.axb3 Bxf2+ 20.Kxf2 Rxd2
21.Ke3 Rb2 22.Bc4 Na5 23.Kd4 Nc6+ 24.Kd5 Na5 25.Kd4 Nc6+ 26.Ke3 Na5 27.Ra1 Nxc4+
28.bxc4 Rxh2 29.Rxa7 Rc2 30.Kd3 Rf2 31.c5 Rxf3+ 32.Kd4 Rf1 33.c6 Rc1 34.c7 Kg7
35.e5 Kh6 36.Kd5 Kg5 37.Kd6 Kf4 38.Ra5 Rxc7 39.Kxc7 g5 40.Kd6 g4 41.Ra7 g3
42.Rxf7+  1-0

[Event "ch-SUI"]
[Site "Scuol SUI"]
[Date "2001.07.12"]
[Round "1"]
[White "Riedener,T"]
[Black "Moor,R"]
[Result "0-1"]
[WhiteElo "2161"]
[BlackElo "2367"]

1.d4 Nf6 2.c4 g6 3.Nc3 d5 4.cxd5 Nxd5 5.e4 Nxc3 6.bxc3 Bg7 7.Bc4 c5 8.Ne2 O-O
9.O-O Nc6 10.Be3 Qc7 11.Rc1 Rd8 12.Qd2 Qa5 13.Rfd1 cxd4 14.cxd4 Qxd2 15.Rxd2 Bd7
16.Bb5 a6 17.Bxc6 Bxc6 18.d5 Bb5 19.Nd4 Rdc8 20.Rdd1 Ba4 21.Re1 Be5 22.f3 a5
23.Kf2 Bd7 24.Rb1 Rc4 25.Red1 Rc7 26.Rd2 Bd6 27.Nb5 Bxb5 28.Rxb5 a4 29.Bb6 Rc1
30.g3 f6 31.Be3 Rac8 32.Rxb7 a3 33.Rb3 R8c2 34.Rd3 Bb4 35.Rxc2 Rxc2+ 36.Kf1 Rxa2
37.Rb3 Rb2  0-1

[Event "EuChJun Boys"]
[Site "Patras GRE"]
[Date "2001.07.16"]
[Round "1"]
[White "Korobov,A"]
[Black "Pert,R"]
[Result "1/2-1/2"]
[WhiteElo "2470"]
[BlackElo "2245"]

1.d4 Nf6 2.c4 g6 3.Nc3 d5 4.cxd5 Nxd5 5.e4 Nxc3 6.bxc3 Bg7 7.Nf3 c5 8.Be3 Qa5
9.Qd2 Nc6 10.Rc1 cxd4 11.cxd4 Qxd2+ 12.Kxd2 O-O 13.d5 Rd8 14.Ke1 Nb4 15.Bd2 Na6
16.Bxa6 bxa6 17.Ba5 Rd7 18.Nd2 f5 19.f3 fxe4 20.fxe4 e6 21.Rc7 exd5 22.Rxd7 Bxd7
23.exd5 Re8+ 24.Kf2 Re5 25.Rb1 Rxd5 26.Rb8+ Kf7 27.Rb7 Ke6 28.Nb3 Rb5 29.Rc7 Be5  1/2-1/2

[Event "EuChJun Boys"]
[Site "Patras GRE"]
[Date "2001.07.19"]
[Round "4"]
[White "Dziuba,M"]
[Black "Flumbort,A"]
[Result "1-0"]
[WhiteElo "2471"]
[BlackElo "2372"]

1.d4 Nf6 2.c4 g6 3.Nc3 d5 4.cxd5 Nxd5 5.e4 Nxc3 6.bxc3 Bg7 7.Be3 c5 8.Nf3 Qa5
9.Qd2 O-O 10.Rb1 cxd4 11.cxd4 Qxd2+ 12.Kxd2 Rd8 13.Bd3 Nc6 14.d5 Na5 15.Bf4 b6
16.Rhc1 f5 17.Rc7 fxe4 18.Bxe4 Bb7 19.Rb5 Ba6 20.Rxa5 bxa5 21.d6 exd6 22.Bd5+ Kh8
23.Ng5 Rf8 24.Be3 Rab8 25.Bd4 Rb2+ 26.Kc1  1-0

[Event "Lasker Mem Open"]
[Site "Barlinek CZE"]
[Date "2001.07.20"]
[Round "5"]
[White "Ulibin,M"]
[Black "Schmidt,Wl"]
[Result "1/2-1/2"]
[WhiteElo "2583"]
[BlackElo "2438"]

1.d4 Nf6 2.c4 g6 3.Nc3 d5 4.cxd5 Nxd5 5.e4 Nxc3 6.bxc3 Bg7 7.Bb5+ c6 8.Ba4 b5
9.Bb3 b4 10.Nf3 bxc3 11.O-O O-O 12.Be3 Na6 13.Rc1 Qa5 14.Qd3 c5 15.Qxc3 Qxc3
16.Rxc3 Bb7 17.e5 Bxf3 18.gxf3 cxd4 19.Bxd4 Rfd8 20.Rc4 e6 21.Rfc1 Nc7 22.Ba4 Bh6
23.Rb1 Nd5 24.Bc6 Rab8 25.Rxb8 Rxb8 26.Bxd5 exd5 27.Ra4 Bf4 28.Ra5 Rd8 29.a4 a6
30.Kg2 h5 31.h3 Re8 32.Rxd5 Re6 33.Kf1 Kh7 34.Ke2 f6 35.Rd6 Rxd6 36.exd6 Bxd6
37.Bxf6 Kg8 38.Kd3 Kf7 39.Bc3 Ke6 40.Kc4 Be7 41.Bb4 Bd8 42.Bd2 Be7 43.Bf4 Bf8
44.Bb8 Be7 45.Kd4 Bf8 46.Ba7 Bd6 47.Bc5 Bc7 48.Ke4 Bd8 49.Bd4 Bc7 50.Ba7 Be5
51.Be3 Bf6 52.Bc5 Be5  1/2-1/2

[Event "Politiken Cup"]
[Site "Copenhagen DEN"]
[Date "2001.07.20"]
[Round "5"]
[White "Hovmoller,K"]
[Black "Brinck Claussen,B"]
[Result "1/2-1/2"]
[WhiteElo "2194"]
[BlackElo "2355"]

1.d4 Nf6 2.c4 g6 3.Nc3 d5 4.cxd5 Nxd5 5.e4 Nxc3 6.bxc3 Bg7 7.Bc4 O-O 8.Ne2 c5
9.Be3 Nc6 10.O-O Bg4 11.f3 Na5 12.Bd5 cxd4 13.cxd4 Bd7 14.Rb1 a6 15.Bxb7 Ra7
16.Bd5 Bb5 17.Re1 Rd7 18.Kh1 e6 19.Bb3 Nc6 20.a4 Bxe2 21.Qxe2 Nxd4 22.Qxa6 Qh4
23.Qf1 Nxb3 24.Rxb3 Ra8 25.Reb1 Bd4 26.Qb5 Qd8 27.Rd3 e5 28.Bxd4 Rxd4 29.Rxd4 exd4
30.Rd1 Rb8 31.Qc4 Qb6 32.h3 Rd8 33.Qb5 Qxb5 34.axb5 Rb8 35.Rb1 d3 36.Kg1 d2
37.Kf2 Rxb5 38.Rd1 h5 39.h4 Kg7 40.Rxd2 Ra5 41.Ke3 Ra6 42.g3 Rb6 43.Rd3 Ra6
44.Rd7 Re6 45.Rc7 Ra6 46.Rd7 Rf6 47.e5 Ra6 48.Ke4 Rb6 49.Rd6 Rb4+ 50.Rd4 Rb6
51.f4 Rb1 52.Rd3 Ra1 53.Kd5 Ra6 54.Kc5 Kf8 55.Kd5 Ra5+ 56.Ke4 Ra4+ 57.Rd4 Ra1
58.Rd3 Ra4+ 59.Kf3 Kg7 60.Kg2 Rb4 61.Rf3 Rb5 62.Kf2 Ra5 63.Ke3 Ra3+ 64.Ke4 Ra4+
65.Kd5 Ra5+ 66.Kc6 Ra6+ 67.Kb7 Ra1 68.Kc6 Ra6+ 69.Kb5 Ra1 70.Re3 Rc1 71.Kb4 Rd1
72.Kc4 Ra1 73.Kd3 Ra3+ 74.Ke2 Ra2+ 75.Kf3 Ra1 76.Kg2 Rb1 77.Rf3 Rb5 78.Kh3 Rb1
79.Re3 Ra1 80.e6 fxe6 81.Rxe6 Ra2 82.Re5 Kf6 83.Rg5 Rf2 84.Rb5 Ke6 85.Ra5 Kf6
86.Rg5 Kf7 87.Ra5  1/2-1/2

[Event "Politiken Cup"]
[Site "Copenhagen DEN"]
[Date "2001.07.20"]
[Round "5"]
[White "Roder,P"]
[Black "Laubsch,B"]
[Result "0-1"]
[WhiteElo "2174"]
[BlackElo "2311"]

1.d4 Nf6 2.c4 g6 3.Nc3 d5 4.cxd5 Nxd5 5.e4 Nxc3 6.bxc3 Bg7 7.Bc4 c5 8.Ne2 O-O
9.O-O Nc6 10.Be3 Qc7 11.Rc1 Rd8 12.Bf4 Qd7 13.d5 Na5 14.Bb3 Nxb3 15.axb3 a5
16.Qc2 b5 17.Rfd1 a4 18.bxa4 Rxa4 19.Ra1 Rxa1 20.Rxa1 e6 21.Rd1 exd5 22.exd5 Qb7
23.c4 Bf5 24.Qb3 b4 25.Ng3 Qd7 26.Nxf5 Qxf5 27.Be3 Bf8 28.Ra1 Bd6 29.g3 h5
30.Qb1 Qxb1+ 31.Rxb1 Ra8 32.Bf4 Bxf4 33.gxf4 Kf8 34.Re1 Ra3 35.d6 Rd3 36.Re5 b3
37.Kg2 Rxd6 38.Kf3 Rb6 39.Re1 b2 40.Rb1 Rb4 41.f5 g5 42.f6 Kg8 43.Ke4 Rxc4+
44.Kf5 Rb4 45.Kxg5 Kh7 46.Kf5 c4 47.Ke4 Kg6 48.Kd4 Kxf6 49.Kc3 Rb8 50.Kxc4 Kf5
51.Kd3 Kf4 52.Ke2 Ke4 53.h3 h4 54.f3+ Kd4 55.Kd2 Rb7 56.f4 f5 57.Kc2 Ke4
58.Re1+ Kxf4 59.Kb1 Kg3  0-1

[Event "Czech Open"]
[Site "Pardubice CZE"]
[Date "2001.07.20"]
[Round "1"]
[White "Kantorik,M"]
[Black "Neverov,V"]
[Result "1/2-1/2"]
[WhiteElo "2299"]
[BlackElo "2564"]

1.d4 Nf6 2.c4 g6 3.Nc3 d5 4.cxd5 Nxd5 5.e4 Nxc3 6.bxc3 Bg7 7.Be3 c5 8.Rc1 O-O
9.Nf3 Qa5 10.Qd2 cxd4 11.cxd4 Qxd2+ 12.Nxd2 e6 13.Nb3 b6 14.Bb5 Ba6 15.a4 Bb7
16.f3 a6 17.Be2 Bc6 18.a5 Ba4 19.Bd1 bxa5 20.Nxa5 Bb5 21.Bb3 Nd7 22.Kf2 Rfc8
23.Rhd1 Bf8 24.d5 Nc5 25.Bc4 exd5 26.exd5 Bd6 27.Nc6 Ba4 28.Re1 Bxc6 29.dxc6 Rxc6
30.Red1 Rac8 31.Be2 Bf8 32.Ra1 Re8 33.Bxc5 Rxc5 34.Bxa6 Rc2+ 35.Kg1 Bg7  1/2-1/2

[Event "COQ Open"]
[Site "Quebec CAN"]
[Date "2001.07.22"]
[Round "3"]
[White "Mikanovic,G"]
[Black "Moisan Plante,M"]
[Result "1-0"]
[WhiteElo "2273"]
[BlackElo "2183"]

1.d4 Nf6 2.c4 g6 3.Nc3 d5 4.cxd5 Nxd5 5.e4 Nxc3 6.bxc3 Bg7 7.Nf3 c5 8.h3 b6
9.Bb5+ Bd7 10.Bd3 O-O 11.O-O cxd4 12.cxd4 Nc6 13.Be3 f5 14.Bc4+ Kh8 15.Ng5 Qe8
16.exf5 gxf5 17.Bf7 Rxf7 18.Qh5 Kg8 19.Qxh7+ Kf8 20.Ne6+ Bxe6 21.Bh6  1-0

[Event "Lasker Mem Open"]
[Site "Barlinek CZE"]
[Date "2001.07.23"]
[Round "7"]
[White "Gleizerov,E"]
[Black "Voitsekhovsky,S"]
[Result "1/2-1/2"]
[WhiteElo "2587"]
[BlackElo "2476"]

1.d4 Nf6 2.c4 g6 3.Nc3 d5 4.cxd5 Nxd5 5.e4 Nxc3 6.bxc3 Bg7 7.Bb5+ Bd7 8.Be2 c5
9.Nf3 cxd4 10.cxd4 Bc6 11.Qd3 Nd7 12.Rb1 b6 13.O-O O-O 14.Ba3 Re8 15.d5 Bb7
16.Nd4 e6 17.Nc6 Qf6 18.Bb2 Qf4 19.g3 Qd6 20.Ba3 Nc5 21.Bxc5 Qxc5 22.Rfc1 Qd6
23.Na5 Bc8 24.Nc4 Qd7 25.Ne3 Rd8 26.Qb3 exd5 27.Nxd5 Bb7 28.Bf3  1/2-1/2

[Event "MTO"]
[Site "Biel SUI"]
[Date "2001.07.23"]
[Round "1"]
[White "Schaufelberger,H"]
[Black "Tukmakov,V"]
[Result "0-1"]
[WhiteElo "2258"]
[BlackElo "2604"]

1.d4 Nf6 2.c4 g6 3.Nc3 d5 4.cxd5 Nxd5 5.e4 Nxc3 6.bxc3 Bg7 7.Nf3 c5 8.Bb5+ Bd7
9.Bxd7+ Nxd7 10.O-O O-O 11.Bg5 h6 12.Be3 Nf6 13.Qd3 e6 14.Rab1 Qc7 15.h3 Rfd8
16.Rb5 Rac8 17.e5 cxd4 18.cxd4 Nd5 19.Nd2 Nxe3 20.fxe3 Bxe5 21.Qe4 Bh2+ 22.Kh1 b6
23.Qh4 Qc6 24.a4 a6 25.Rb4 Bd6 26.Rc4 Qb7 27.Qxh6 Qd5 28.e4 Qh5 29.Qxh5 gxh5
30.e5 Rxc4 31.Nxc4 Bc7 32.Rd1 b5 33.axb5 axb5 34.Ne3 b4 35.Rd3 Bxe5 36.Nc2 Bd6  0-1

[Event "Politiken Cup"]
[Site "Copenhagen DEN"]
[Date "2001.07.23"]
[Round "9"]
[White "Roder,P"]
[Black "Brinck Claussen,B"]
[Result "1/2-1/2"]
[WhiteElo "2174"]
[BlackElo "2355"]

1.d4 Nf6 2.c4 g6 3.Nc3 d5 4.cxd5 Nxd5 5.e4 Nxc3 6.bxc3 Bg7 7.Bc4 O-O 8.Ne2 c5
9.O-O Nc6 10.Be3 Bg4 11.f3 Na5 12.Bd3 cxd4 13.cxd4 Be6 14.Rc1 Bxa2 15.Qa4 Be6
16.d5 Bd7 17.Qb4 e6 18.Rfd1 exd5 19.exd5 b5 20.Nd4 Re8 21.Bf2 Nc4 22.Nc6 Bxc6
23.dxc6 Nb2 24.Bxb5 Nxd1 25.c7 Qc8 26.Bxe8 Nc3 27.Rxc3 Bxc3 28.Qxc3 Qxe8
29.Bxa7 Rc8 30.Bf2 Qe6 31.Bg3 Qb6+ 32.Kf1 Qa6+ 33.Kg1 Qb6+  1/2-1/2

[Event "Czech Open"]
[Site "Pardubice CZE"]
[Date "2001.07.23"]
[Round "4"]
[White "Dobrov,V"]
[Black "Jaracz,P"]
[Result "1/2-1/2"]
[WhiteElo "2409"]
[BlackElo "2521"]

1.d4 Nf6 2.c4 g6 3.Nc3 d5 4.cxd5 Nxd5 5.e4 Nxc3 6.bxc3 Bg7 7.Bc4 c5 8.Ne2 Nc6
9.Be3 O-O 10.O-O Bd7 11.a4 cxd4 12.cxd4 Rc8 13.Rc1 Na5 14.Bd3 Rxc1 15.Bxc1 Qb8
16.Bc2 b6 17.h4 Qc8 18.Bd3 Qe8 19.Bc2 Qc8 20.Bd3  1/2-1/2

[Event "Zhong Hong Real Estate Cup"]
[Site "Beijing CHN"]
[Date "2001.07.24"]
[Round "5"]
[White "Li Shilong"]
[Black "Ni Hua"]
[Result "1/2-1/2"]
[WhiteElo "2486"]
[BlackElo "2568"]

1.d4 Nf6 2.c4 g6 3.Nc3 d5 4.cxd5 Nxd5 5.e4 Nxc3 6.bxc3 Bg7 7.Be3 c5 8.Qd2 Qa5
9.Rb1 a6 10.Rc1 O-O 11.d5 f5 12.Nf3 Rd8 13.c4 Qxd2+ 14.Nxd2 b6 15.Rb1 Nd7
16.f4 fxe4 17.Nxe4 Bd4 18.Kd2 b5 19.Bxd4 cxd4 20.Kd3 Nb6 21.Kxd4 Bf5 22.Re1 bxc4
23.Bxc4 Nxc4 24.Kxc4 Rab8 25.Ng3 Rdc8+ 26.Kd4 Rb4+ 27.Ke5 Bc2 28.Re3 Rc5
29.Re2 Bd3 30.Rd2 Bb5 31.Rhd1 Rcc4 32.Rd4 Rxd4 33.Rxd4 Rb2 34.a4 Be8 35.d6 exd6+
36.Rxd6 Rxg2 37.Rxa6 Rxh2 38.Kf6 Rf2 39.Ra8  1/2-1/2

[Event "Dutch Open"]
[Site "Dieren NED"]
[Date "2001.07.24"]
[Round "7"]
[White "Ernst,S"]
[Black "Dvoirys,S"]
[Result "1/2-1/2"]
[WhiteElo "2440"]
[BlackElo "2578"]

1.d4 Nf6 2.c4 g6 3.Nc3 d5 4.cxd5 Nxd5 5.e4 Nxc3 6.bxc3 Bg7 7.Nf3 c5 8.Be3 O-O
9.Qd2 Qa5 10.Rc1 e6 11.h4 cxd4 12.cxd4 Qxd2+ 13.Kxd2 Nc6 14.Bb5 Bd7 15.d5 exd5
16.exd5 Ne5 17.Bxd7  1/2-1/2

[Event "Dutch Open"]
[Site "Dieren NED"]
[Date "2001.07.24"]
[Round "7"]
[White "Moiseenko,A"]
[Black "L'Ami,E"]
[Result "1/2-1/2"]
[WhiteElo "2581"]
[BlackElo "2275"]

1.d4 Nf6 2.c4 g6 3.Nc3 d5 4.cxd5 Nxd5 5.e4 Nxc3 6.bxc3 Bg7 7.Nf3 c5 8.Rb1 O-O
9.Be2 b6 10.O-O Bb7 11.Qd3 e6 12.Bg5 Qd6 13.Qe3 Rc8 14.Bh6 Nd7 15.Bxg7 Kxg7
16.Bb5 cxd4 17.cxd4 Rc7 18.Bxd7 Rxd7 19.h4 h5 20.Rfc1 Rc8 21.Rxc8 Bxc8 22.d5 Bb7
23.Nd4 exd5 24.e5 Qe7 25.Qg3 Kh7 26.f4 Rc7 27.f5 Rc4 28.Qf4 Bc8 29.f6 Qa3
30.Rd1 Bg4 31.Rd2 Qc1+ 32.Kh2 Qe1 33.Rf2 Rc1 34.Kg3 Qg1 35.Qe3 Re1 36.Qg5 Re4
37.e6 Rxd4 38.Qe3 Re4 39.Qxe4 dxe4 40.exf7 e3 41.f8=Q Qxf2+ 42.Kh2 Qxh4+
43.Kg1 Qf2+  1/2-1/2

[Event "Czech Open"]
[Site "Pardubice CZE"]
[Date "2001.07.25"]
[Round "6"]
[White "Neverov,V"]
[Black "Konopka,M"]
[Result "1/2-1/2"]
[WhiteElo "2564"]
[BlackElo "2479"]

1.d4 Nf6 2.c4 g6 3.Nc3 d5 4.cxd5 Nxd5 5.e4 Nxc3 6.bxc3 Bg7 7.Be3 c5 8.Qd2 Qa5
9.Rc1 cxd4 10.cxd4 Qxd2+ 11.Kxd2 O-O 12.Nf3 Nc6 13.d5 Rd8 14.Ke1 Nb4 15.a3 Na2
16.Rc7 Nc3 17.Bd3 f5 18.Bc4 Kf8 19.exf5 Bxf5 20.Nd4 Rac8 21.Rxc8 Bxc8 22.Ne2 b5
23.Bb3 Nxd5 24.Bxa7 Bb7 25.f3 Ra8 26.Bc5 Rc8 27.Ba7 Bb2 28.Kf2 Bxa3 29.Nd4 Ra8
30.Nxb5 Rxa7 31.Nxa7 Bc5+ 32.Kg3 Bxa7 33.Bxd5 Bxd5 34.Ra1 Bb8+ 35.Kf2 Bd6
36.h3 Kf7 37.Ra4 Kf6 38.Ke2 Bc6 39.Ra5 h5 40.Kf2 h4 41.Ke2 e6 42.Kf2 Bd5
43.Kg1 Kf5 44.Ra4 Be7 45.Kh2 Bd6+ 46.Kg1 g5 47.Kh1 Bc5 48.Ra5 Bd4 49.Ra4 e5
50.Kh2 Kf4 51.Ra6 Ke3 52.Rg6 Kf4 53.Rf6+ Ke3 54.Rf5 Kf2 55.Rxg5 Be3 56.Rg6 Bc4
57.Rc6 Bd3 58.Rc3 Bf4+ 59.Kh1 Bf1 60.Rc2+ Kg3 61.Kg1 Bd3 62.Rc3 Be2 63.Rb3 Bc1
64.Rb1 Be3+ 65.Kh1 Bc5 66.Re1 Kf2 67.Rc1 Bd4 68.Rc2 Be3 69.Ra2 Bc5 70.Rb2 Bd4
71.Rc2 Be3 72.Ra2 Bf4 73.Rb2 Bg3 74.Ra2 Ke3 75.Ra3+ Bd3 76.Kg1 Be1 77.Ra2 Bc3
78.Kh2 Bb4 79.Kg1 Bd6 80.Ra4 Be7 81.Kh2 Bg5 82.Kg1 Bf4 83.Ra2 Bc4 84.Ra3+ Ke2
85.Ra4 Bd5 86.Rb4 Be3+ 87.Kh1 Kf2 88.Rb2+ Kg3 89.Rb4 Bd4  1/2-1/2

[Event "COQ Open"]
[Site "Quebec CAN"]
[Date "2001.07.25"]
[Round "6"]
[White "Mikanovic,G"]
[Black "Turov,M"]
[Result "0-1"]
[WhiteElo "2273"]
[BlackElo "2550"]

1.d4 Nf6 2.c4 g6 3.Nc3 d5 4.cxd5 Nxd5 5.e4 Nxc3 6.bxc3 Bg7 7.Nf3 O-O 8.h3 c5
9.Be2 Nc6 10.Be3 cxd4 11.cxd4 f5 12.Qb3+ Kh8 13.exf5 Qa5+ 14.Bd2 Qxf5 15.Qe3 Be6
16.O-O Rad8 17.Bc3 Bd5 18.Ne5 Qe4 19.Qxe4 Bxe4 20.Rad1 Rc8 21.Nd7 Rf4 22.g3 Bf3
23.Rfe1 Bxe2 24.Rxe2 Rf3 25.Re3 Rxe3 26.fxe3 b6 27.Rf1 Rc7 28.d5 Bxc3 29.dxc6 Rxc6
30.Rc1 b5 31.Ne5 Rc7 32.Nf7+ Kg8 33.Nd8 Rc4 34.Kf1 b4 35.Ke2 Rc5 36.Ne6 Re5
37.Nf4 Bd4 38.Rc8+ Kf7 39.Ng2 Bb6 40.Rc4 Ra5 41.Rxb4 Rxa2+ 42.Kf3 Ke6 43.Nf4+ Kd6
44.h4 Ra3 45.Re4 e5 46.Nh3 h6 47.Nf2 h5 48.Nd1 Bd4 49.g4 Kd5 50.gxh5 gxh5
51.Nf2 a5 52.Nh1 Bc5 53.Ng3 a4 54.Ne2 Rb3 55.Nc1 Rb4 56.Rxb4 Bxb4  0-1

[Event "Czech Open"]
[Site "Pardubice CZE"]
[Date "2001.07.28"]
[Round "9"]
[White "Gavrilov,Al"]
[Black "Pribyl,J"]
[Result "1-0"]
[WhiteElo "2438"]
[BlackElo "2397"]

1.d4 Nf6 2.c4 g6 3.Nc3 d5 4.cxd5 Nxd5 5.e4 Nxc3 6.bxc3 Bg7 7.Qa4+ Qd7 8.Qa3 b6
9.Nf3 Bb7 10.Bd3 c5 11.Be3 O-O 12.O-O e6 13.Rfd1 cxd4 14.cxd4 Rc8 15.Ne5 Qd8
16.Rac1 Nc6 17.Ba6 Bf8 18.Qa4 Bxa6 19.Nxc6 Qd7 20.Bg5 Qe8 21.d5 Bb7 22.Qb5 h6
23.Be3 h5 24.a4 exd5 25.exd5 Rc7 26.Bf4 Rd7 27.Re1 Bxc6 28.Rxe8 Bxb5 29.Rxa8  1-0

[Event "ch-Paris Open"]
[Site "Paris FRA"]
[Date "2001.07.28"]
[Round "8"]
[White "Amato,R"]
[Black "Brih,S"]
[Result "1-0"]
[WhiteElo "2210"]
[BlackElo "2079"]

1.d4 Nf6 2.c4 g6 3.Nc3 d5 4.cxd5 Nxd5 5.e4 Nxc3 6.bxc3 Bg7 7.Nf3 c5 8.h3 O-O
9.Bc4 Qc7 10.Bb3 c4 11.Bc2 b6 12.Bg5 Bb7 13.Qd2 Nc6 14.O-O e6 15.e5 Ne7 16.Nh2 Nf5
17.Ng4 b5 18.Nf6+ Kh8 19.Qf4 h6 20.Bxf5 gxf5 21.Qh4 Rg8 22.Bxh6 Bxf6 23.Bg5+  1-0

[Event "Smith & Williamson ch-GBR"]
[Site "Scarborough HUN"]
[Date "2001.07.31"]
[Round "2"]
[White "Lalic,B"]
[Black "Pert,R"]
[Result "1/2-1/2"]
[WhiteElo "2528"]
[BlackElo "2245"]

1.d4 Nf6 2.c4 g6 3.Nc3 d5 4.cxd5 Nxd5 5.e4 Nxc3 6.bxc3 Bg7 7.Bc4 c5 8.Ne2 Nc6
9.Be3 cxd4 10.cxd4 Qa5+ 11.Kf1 b5 12.Bb3 Bb7 13.h4 h5 14.a4 b4 15.Rc1 Qd8
16.Bd5 Na5 17.Nf4 Rc8 18.Rb1 Ba6+ 19.Kg1 e6 20.Bxe6 fxe6 21.Nxe6 Qe7 22.d5 Bc3
23.Rh3 Rc4 24.Bd2 Bxd2 25.Qxd2 Bc8 26.Rg3 Bxe6 27.dxe6 Qxe6 28.Rxb4 Rxb4
29.Qxb4 Nc6 30.Qb5  1/2-1/2

[Event "HZ Open"]
[Site "Vlissingen NED"]
[Date "2001.08.01"]
[Round "6"]
[White "Ernst,S"]
[Black "Van Wely,L"]
[Result "1/2-1/2"]
[WhiteElo "2440"]
[BlackElo "2695"]

1.d4 Nf6 2.c4 g6 3.Nc3 d5 4.cxd5 Nxd5 5.e4 Nxc3 6.bxc3 Bg7 7.Nf3 c5 8.Be3 Qa5
9.Qd2 Nc6 10.Rc1 cxd4 11.cxd4 Qxd2+ 12.Kxd2 O-O 13.d5 Rd8 14.Ke1 Na5 15.Bg5 Bd7
16.Bd3 Rdc8 17.Ke2 e6 18.Rxc8+ Rxc8 19.Rc1 Rxc1 20.Bxc1 exd5 21.exd5 b5 22.Be3 a6
23.Bd4 Bxd4 24.Nxd4 h6  1/2-1/2

[Event "It"]
[Site "Montreal CAN"]
[Date "2001.08.03"]
[Round "2"]
[White "Kosyrev,V"]
[Black "Barbeau,S"]
[Result "1/2-1/2"]
[WhiteElo "2554"]
[BlackElo "2365"]

1.d4 Nf6 2.c4 g6 3.Nc3 d5 4.cxd5 Nxd5 5.e4 Nxc3 6.bxc3 Bg7 7.Bb5+ c6 8.Ba4 O-O
9.Ne2 c5 10.O-O Nc6 11.Be3 Na5 12.Rb1 b6 13.Qd3 e6 14.Rfd1 Bb7 15.f3 cxd4
16.cxd4 Rc8 17.Bb5 f5 18.exf5 Rxf5 19.Rbc1 Rxc1 20.Rxc1 e5 21.Ba6 exd4 22.Bxb7 Nxb7
23.Qc4+ Kh8 24.Bxd4 Bxd4+ 25.Qxd4+ Qxd4+ 26.Nxd4 Rf7 27.Ne6 h6 28.Kf2 Kh7
29.Ke3 Nd6 30.Kd4 Nf5+ 31.Ke4 Nh4 32.Rc2 g5 33.f4 gxf4 34.Nxf4 Re7+ 35.Kd5 Nf5
36.Rc3 Ne3+ 37.Kc6 Re4 38.g3 Nf1 39.Rc2 Ra4 40.Kd6 Kg7 41.Nd5 Ra3 42.Ke6 h5
43.Nf4 Kh6 44.Kf6 Ne3 45.Rd2 Ra5 46.h3 Rf5+ 47.Ke7 Rg5 48.Rd6+ Kh7 49.Kf6 Rxg3
50.Rd7+ Kh6 51.Rd8 Kh7 52.Rd7+ Kh6 53.Rxa7 Ng2 54.Ra8 Kh7 55.Nxh5 Rxh3 56.Kg5 Rc3
57.Ra7+ Kg8 58.Nf6+ Kf8 59.Nd7+ Ke7 60.Nxb6+ Kd6 61.a4 Kc6 62.a5 Ne3 63.Nc8 Nd5
64.Kf5 Ra3 65.Ke5 Nb4 66.Kd4 Nc2+ 67.Ke5 Ne3 68.a6 Nd5 69.Rh7 Rxa6 70.Rh6+ Kb5
71.Nd6+ Kb4 72.Kxd5 Ra5+ 73.Kd4 Rg5 74.Rh8 Rg4+ 75.Ne4 Rg7 76.Kd5 Rg4 77.Rb8+ Ka3
78.Kd4 Rh4 79.Kd3 Rh3+ 80.Kc4 Rh4 81.Ra8+ Kb2 82.Kd3 Rh7 83.Kc4 Rh4 84.Rb8+ Kc2
85.Kd4 Rg4 86.Rc8+ Kb3 87.Kd3 Rh4 88.Rb8+ Ka4 89.Kd4 Ka5 90.Kd5 Rh5+ 91.Kc6 Rh6+
92.Nd6 Ka4 93.Rb1 Ka3 94.Kd5 Rh5+ 95.Ke6 Rh6+ 96.Ke5 Rh5+ 97.Nf5 Ka4 98.Ke4 Rh8
99.Nd4 Re8+ 100.Kd3 Rd8 101.Rb7 Rc8 102.Ke4 Re8+ 103.Kf5 Rh8 104.Ke5 Re8+
105.Ne6 Ka3 106.Kd5 Rh8 107.Kc4 Rh6 108.Nd4 Rh4 109.Rb3+ Ka2 110.Rg3 Kb2
111.Rg2+ Ka3 112.Rf2 Rg4 113.Rh2 Rf4 114.Kc3 Rg4 115.Rh3 Ka4 116.Kc4 Ka5
117.Rh6 Rf4 118.Kc5 Rg4 119.Kc4 Rf4 120.Rg6 Rh4 121.Kc5  1/2-1/2

[Event "Smith & Williamson ch-GBR"]
[Site "Scarborough HUN"]
[Date "2001.08.03"]
[Round "5"]
[White "Gormally,D"]
[Black "Moore,G"]
[Result "1-0"]
[WhiteElo "2481"]
[BlackElo "2194"]

1.d4 Nf6 2.c4 g6 3.Nc3 d5 4.cxd5 Nxd5 5.e4 Nxc3 6.bxc3 Bg7 7.Nf3 c5 8.Rb1 O-O
9.Be2 b6 10.O-O Bb7 11.Qd3 e6 12.Bg5 Qd6 13.Qe3 cxd4 14.cxd4 Rc8 15.Rfd1 Nd7
16.Bb5 Nf8 17.Ba4 Bc6 18.Bb3 Nd7 19.d5 exd5 20.exd5 Bb7 21.Be7 Qc7 22.d6 Qc5
23.Qf4  1-0